Extranjeros / (Record no. 186517)

MARC details
000 -LEADER
campo de control de longitud fija 00804nam a2200241 i 4500
001 - NÚMERO DE CONTROL
campo de control 186517
003 - IDENTIFICADOR DE NÚMERO DE CONTROL
campo de control SpMaBN
005 - FECHA Y HORA DE LA ÚLTIMA TRANSACCIÓN
campo de control 20250929063306.0
008 - DATOS DE LONGITUD FIJA--INFORMACIÓN GENERAL
campo de control de longitud fija 161121s2006 sp f |||| | spa d
020 ## - NÚMERO INTERNACIONAL ESTÁNDAR DEL LIBRO
Número Internacional Estándar del Libro 84-96209-51-2
080 ## - NÚMERO DE LA CLASIFICACIÓN DECIMAL UNIVERSAL
Número de la Clasificación Decimal Universal 74/75 Sánchez Castillo, Fernando
100 1# - ENTRADA PRINCIPAL--NOMBRE DE PERSONA
Nombre de persona Sánchez Castillo, Fernando,
Fechas asociadas al nombre 1970-
9 (RLIN) 161343
245 10 - MENCIÓN DEL TÍTULO
Título Extranjeros /
Mención de responsabilidad, etc. Fernando Sánchez Castillo.
246 35 - FORMA VARIANTE DEL TITULO
Título propio/Titulo breve ¡Extranjeros!_no nos dejéis solos ante los españoles
260 ## - PUBLICACIÓN, DISTRIBUCIÓN, ETC.
Lugar de publicación, distribución, etc. [Alcobendas (Madrid) :
Nombre del editor, distribuidor, etc. TF,
Fecha de publicación, distribución, etc. 2006]
300 ## - DESCRIPCIÓN FÍSICA
Extensión [112] p. de lám. col., [18] p. ;
Dimensiones 23 cm.
490 1# - MENCIÓN DE SERIE
Mención de serie Arte sobre papel ;
Designación de volumen o secuencia 9
594 ## - Nota al título y mención de responsabilidad
Nota al título y mención de responsabilidad Datos tomados de contracub.
597 ## - NOTA DE DESCRIPCIÓN FÍSICA
NOTA DE DESCRIPCIÓN FÍSICA Con [18] p. en blanco.
830 0# - PUNTO DE ACCESO ADICIONAL DE SERIE-TÍTULO UNIFORME
Título uniforme Arte sobre papel ;
Designación de volumen o secuencia 9
9 (RLIN) 192569
852 ## - LOCALIZACIÓN
Ubicación ES-MaACL
Número de control de estantería L-30861
Holdings
Estatus retirado Estado de pérdida Estado de daño No para préstamo Biblioteca de origen Biblioteca actual Ubicación en estantería Fecha de adquisición Fuente de adquisición Total de préstamos Signatura topográfica completa Código de barras Visto por última vez Precio de reemplazo Tipo de ítem Koha
        Biblioteca del Ateneo de Madrid Biblioteca del Ateneo de Madrid Depósito 2 21/11/2016     L-30861 1196683 23/02/2023 23/02/2023 Libro impreso